Statistiken für BUNDESLIGA GEWINNER

Klicken Sie hier um das Quiz zu spielen!

Allgemein

  • Dieses Quiz wurde 403 mal gespielt
  • Das Durchschnittsergebnis liegt bei 55 aus 59

Antwortstatistiken

MannschaftJAHR% Korrekt
FC Bayern München
2022
100%
FC Bayern München2021
100%
FC Bayern München2001
100%
FC Bayern München2000
100%
FC Bayern München1999
100%
FC Bayern München1972
100%
FC Bayern München1997
100%
FC Bayern München1994
100%
FC Bayern München1973
100%
FC Bayern München2003
100%
FC Bayern München1990
100%
FC Bayern München1989
100%
FC Bayern München1974
100%
FC Bayern München1987
100%
FC Bayern München1986
100%
FC Bayern München1985
100%
FC Bayern München1981
100%
FC Bayern München1980
100%
FC Bayern München1969
100%
FC Bayern München2005
100%
FC Bayern München2020
100%
FC Bayern München2019
100%
FC Bayern München2018
100%
FC Bayern München2017
100%
FC Bayern München2016
100%
FC Bayern München2015
100%
FC Bayern München2014
100%
FC Bayern München2013
100%
FC Bayern München2010
100%
FC Bayern München2008
100%
FC Bayern München2006
100%
Borussia Dortmund2012
99%
Borussia Dortmund1995
99%
Borussia Dortmund1996
99%
Borussia Dortmund2011
99%
Borussia Dortmund2002
99%
VFB Stuttgart1992
91%
VFB Stuttgart2007
91%
VFB Stuttgart1984
91%
Werder Bremen1965
91%
Werder Bremen1993
91%
Werder Bremen2004
91%
Werder Bremen1988
91%
Hamburger SV1982
87%
Hamburger SV1979
87%
Hamburger SV1983
87%
VFL Wolfsburg2009
87%
Borussia Mönchengladbach1970
82%
Borussia Mönchengladbach1977
82%
Borussia Mönchengladbach1976
82%
Borussia Mönchengladbach1975
82%
Borussia Mönchengladbach1971
82%
1. FC Köln1964
80%
1. FC Köln1978
80%
1. FC Kaiserslautern1991
76%
1. FC Kaiserslautern1998
76%
1. FC Nürnberg1968
75%
TSV 1860 München1966
58%
Eintracht Braunschweig1967
50%

Verteilung der Resultate

Perzentil nach korrekt beantworteten Fragen

Anzahl Personen mit jedem Resultat

Ihre Resultats-Entwicklung

Sie haben dieses Quiz noch nicht gespielt